| 000 | 00908cam a2200277 a 4500 | ||
|---|---|---|---|
| 001 | 000005488 | ||
| 005 | 20200929151706.0 | ||
| 008 | 000707s2000 sp b 001 0 spa | ||
| 020 | _a8437618274 | ||
| 040 |
_aDO-SdBNP _cDLC _dDLC |
||
| 090 |
_a808.103 _bZ88L |
||
| 100 | 1 |
_aZorrilla, José, _d1817-1893 _94939 |
|
| 245 | 1 | 0 |
_aLeyendas / _cJosé Zorrilla ; edición, Salvador García Castañeda. |
| 260 |
_aMadrid : _bCátedra, _c2000. |
||
| 300 |
_a664 p. ; _c18 cm. |
||
| 490 | 1 |
_aLetras hispánicas _v491 |
|
| 504 | _aIncluye referencias bibliográficas (p. 107-112). | ||
| 650 | 4 |
_aLeyendas _zEspaña _915564 |
|
| 650 | 4 |
_aProsa española _915565 |
|
| 650 | 4 |
_aCuentos populares _915566 |
|
| 650 | 4 |
_aLiteratura folclórica _91529 |
|
| 700 | 1 |
_aGarcía Castañeda, Salvador, _d1932- _eed. _915567 |
|
| 830 | 0 |
_aLetras hispánicas ; _v491 _94208 |
|
| 910 | _aCatalogación por copia / LC | ||
| 910 | _aWM | ||
| 999 |
_c5287 _d5287 |
||